Normal view
MARC view
Entry Personal Name
001 - CONTROL NUMBER
- control field: 2362
003 - CONTROL NUMBER IDENTIFIER
- control field: HDC
005 - DATE AND TIME OF LATEST TRANSACTION
- control field: 20230624073127.0
008 - FIXED-LENGTH DATA ELEMENTS
- fixed length control field: 210106|| aca||aabn | a|a d
040 ## - CATALOGING SOURCE
- Original cataloging agency: HDC
- Transcribing agency: HDC
100 ## - HEADING--PERSONAL NAME
- Personal name: New, Stephen J
670 ## - SOURCE DATA FOUND
- Source citation: Work cat.: (HDC): New, Stephen J. author, The scope of supply chain management research, , 1997
